000
00303nam a22001337a 4500
020
_a
81-7008-976
082
_a
530
_b
JAI/P
100
_a
J.N.JAISWAL
245
_a
PRACTICAL PHYSICS
_b
CLASS XI
260
_a
DELHI
_b
LAXMI PUBLICATIONS
300
_a
266
650
_a
PHYSICS FOR CLASS XI
_z
INDIA
942
_c
BK
999
_c
525
_d
525